<?xml version="1.0" encoding="UTF-8"?>
<record
    xmlns:xsi="http://www.w3.org/2001/XMLSchema-instance"
    xsi:schemaLocation="http://www.loc.gov/MARC21/slim http://www.loc.gov/standards/marcxml/schema/MARC21slim.xsd"
    xmlns="http://www.loc.gov/MARC21/slim">

  <leader>00507nam a2200157Ia 4500</leader>
  <controlfield tag="008">150610s9999    xx            000 0 und d</controlfield>
  <datafield tag="020" ind1=" " ind2=" ">
    <subfield code="a">0 316155608</subfield>
  </datafield>
  <datafield tag="050" ind1=" " ind2=" ">
    <subfield code="a">PZ7</subfield>
    <subfield code="b">.P27653Mix 2008</subfield>
  </datafield>
  <datafield tag="100" ind1=" " ind2=" ">
    <subfield code="a">Patterson, James</subfield>
  </datafield>
  <datafield tag="245" ind1=" " ind2=" ">
    <subfield code="a">Maximum ride:</subfield>
    <subfield code="b">saving the world and other extreme sports /</subfield>
    <subfield code="c">James Patterson .</subfield>
  </datafield>
  <datafield tag="260" ind1=" " ind2=" ">
    <subfield code="a">New York :</subfield>
    <subfield code="b">Little Brown and Company,</subfield>
    <subfield code="c">2008.</subfield>
  </datafield>
  <datafield tag="300" ind1=" " ind2=" ">
    <subfield code="a">403pages ;</subfield>
    <subfield code="c">24 cm.</subfield>
  </datafield>
  <datafield tag="520" ind1=" " ind2=" ">
    <subfield code="a">Fiction.</subfield>
  </datafield>
  <datafield tag="650" ind1=" " ind2=" ">
    <subfield code="a">Adventure and adventurer</subfield>
    <subfield code="x">Fiction.</subfield>
  </datafield>
  <datafield tag="650" ind1=" " ind2=" ">
    <subfield code="x">Science fiction.</subfield>
  </datafield>
  <datafield tag="999" ind1=" " ind2=" ">
    <subfield code="c">288195</subfield>
    <subfield code="d">288195</subfield>
  </datafield>
  <datafield tag="952" ind1=" " ind2=" ">
    <subfield code="0">0</subfield>
    <subfield code="1">0</subfield>
    <subfield code="4">0</subfield>
    <subfield code="a">SSISB</subfield>
    <subfield code="b">SSISB</subfield>
    <subfield code="c">HS</subfield>
    <subfield code="d">2015-06-10</subfield>
    <subfield code="l">0</subfield>
    <subfield code="o">PZ7 .P27653Mix 2008</subfield>
    <subfield code="p">US-1819</subfield>
    <subfield code="r">2015-06-10 00:00:00</subfield>
    <subfield code="w">2015-06-10</subfield>
    <subfield code="y">BK</subfield>
  </datafield>
</record>
